| 000 | 00379nam a22001337a 4500 | ||
|---|---|---|---|
| 020 | _qPB. | ||
| 040 | _cFIZZA ISHAQ | ||
| 082 |
_a607.1073 _bGRE |
||
| 100 |
_aYOUNG THOMAS,A.PEARSON GREG. _9132220 |
||
| 245 |
_aTECHNICALLY SPEAKING / _cGREG PEARSON AND A.THOMAS YOUNG. |
||
| 260 |
_aNEW YORK; _bNATIONAL ACADEMY P[RESS, _c2002. |
||
| 300 |
_a156 P. ; _c10X6.7IN |
||
| 942 |
_2ddc _cBK |
||
| 999 |
_c615483 _d615483 |
||